000 00714nam a2200229 4500
003 LK-CoMWRAF
005 20231115143015.0
008 231115b2003 |||||||| |||| 00| 0 eng d
020 _a1588261352
040 _aLK-CoMWRAF
_dLK-CoMWRAF
_eLK-CoMWRAF
041 _aeng
082 _a341.5
_bINT
110 _aInternational Peace Academy.
245 _aFrom promise to practice:
_bstrengthening UN capacities for the prevention of violent conflict
260 _axii, 429 p. ; 24 cm.
_bBibliography and index included
650 _aUNITED NATIONS
650 _aConflict management
650 _aPeacekeeping forces
700 _a Sriram, Chandra Lekha
_eed.
700 _aWermester, Karin
_eed.
942 _cBK
999 _c4090
_d4090